000 01048nam a2200277Ia 4500
003 OSt
005 20221005104423.0
006 a|||||r|||| 00| 0
007 ta
008 221004b |||||||| |||| 00| 0 hin d
020 _a9788126340507
_c480
024 _a122046
037 _b13335, 17/07/2012, Kitab Ghar
_cTextual
040 _aCRL
_cCRL
_bhin
041 _2hin
_ahin
082 _aO152,6N06:g, Q2
100 _aसिंह, शिवप्रसाद, संपा.
245 0 _aशान्तिनिकेतन से शिवालिक
246 _aShāntiniketan se shivālika
260 _aदिल्ली
_bभारतीय ज्ञानपीठ भारत
_c2012
300 _a496पृ0
_ccm.
490 _aलोकोदय ग्रन्थमाला; 250
650 _aहिन्दी साहित्य
942 _hO152,6N06:g, Q2
_cTEXL
_2cc
999 _c1012665
_d1012665